000
00343nam a2200133 a 4500
005
20140412111326.0
008
101228s19uu xx 00 eng d
050
_a
REF 030
_b
D632 1999
245
_a
Science all around us.
260
_a
China :
_b
Disney,
_c
1999.
300
_a
57p.
440
_a
Disney Children's Encyclopedia
999
_c
104632
_d
104632